[Event "Baku (Women) 2nd"]
[Site "Baku"]
[Date "2007.09.12"]
[Round "9"]
[White "Velikhanli, Firuza"]
[Black "Lagno, Kateryna"]
[Result "0-1"]
[WhiteElo "2283"]
[BlackElo "2450"]
[PlyCount "94"]
[EventDate "2007.09.04"]
[EventType "tourn"]
[EventRounds "9"]
[EventCountry "AZE"]
[EventCategory "7"]
[SourceTitle "CBM 120 Extra"]
[Source "ChessBase"]
[SourceDate "2007.11.01"]
[SourceVersion "1"]
[SourceVersionDate "2007.11.01"]
[SourceQuality "1"]

1. e4 e5 2. Nf3 Nc6 3. Bb5 a6 4. Ba4 Nf6 5. d3 b5 6. Bb3 Bc5 7. 0-0 d6 8. c3 h6 9. h3 Bb6 10. Be3 Bxe3 11. fxe3 0-0 12. Nbd2 Na5 13. Bc2 c5 14. Qe1 Nc6 15. Nh4 Kh7 16. Rf3 a5 17. Qf2 a4 18. Rf1 Ra7 19. Nf5 Ne8 20. Qg3 Qg5 21. Qf2 g6 22. Ng3 Qh4 23. Qe2 Ng7 24. Nh1 Qe7 25. Nf2 h5 26. Nd1 Be6 27. a3 Rb8 28. R3f2 Ne8 29. Nf3 Kg8 30. d4 Bc8 31. Bd3 Rab7 32. Nh2 Ng7 33. Qe1 Na5 34. Rf6 Nb3 35. d5 Rc7 36. g4 Nc1 37. Bc2 b4 38. Qh4 Ba6 39. R1f3 Be2 40. Bxa4 Ra7 41. gxh5 Nxh5 42. Ng4 Bxf3 43. Nh6+ Kh7 44. Rxf7+ Qxf7 45. Nxf7 Rxf7 46. Nf2 bxc3 47. bxc3 Rb1 0-1

[Event "Baku (Women) 2nd"]
[Site "Baku"]
[Date "2007.09.09"]
[Round "6"]
[White "Javakhishvili, Lela"]
[Black "Velikhanli, Firuza"]
[Result "0-1"]
[WhiteElo "2460"]
[BlackElo "2283"]
[PlyCount "136"]
[EventDate "2007.09.04"]
[EventType "tourn"]
[EventRounds "9"]
[EventCountry "AZE"]
[EventCategory "7"]
[SourceTitle "CBM 120 Extra"]
[Source "ChessBase"]
[SourceDate "2007.11.01"]
[SourceVersion "1"]
[SourceVersionDate "2007.11.01"]
[SourceQuality "1"]

1. d4 d6 2. Nf3 Bg4 3. e4 Nf6 4. Nc3 c6 5. h3 Bh5 6. Qe2 e6 7. g4 Bg6 8. g5 Nfd7 9. Nh4 Be7 10. f4 e5 11. dxe5 dxe5 12. Qg4 exf4 13. Bxf4 h5 14. Qg2 Nb6 15. Bd3 Bb4 16. 0-0 0-0 17. Ne2 N8d7 18. Rad1 Qe8 19. c3 Bc5+ 20. Kh1 Ne5 21. Bb1 Nbc4 22. Nd4 Rd8 23. Nhf5 Bb6 24. a4 a6 25. Qh2 c5 26. Ne2 Rxd1 27. Rxd1 Qxa4 28. Rc1 Bxf5 29. exf5 Rd8 30. Bc2 Qc6+ 31. Qg2 Qxg2+ 32. Kxg2 Nd3 33. Bxd3 Rxd3 34. b3 Ne3+ 35. Kf3 c4 36. bxc4 Nxc4+ 37. Ke4 Rd8 38. Rb1 a5 39. Nd4 Nd6+ 40. Bxd6 Rxd6 41. Ke5 Bc5 42. Rxb7 f6+ 43. gxf6 gxf6+ 44. Ke4 Bxd4 45. cxd4 Ra6 46. Rb2 a4 47. Kd5 a3 48. Ra2 Kf7 49. Kc5 Ke7 50. Kb4 Kd6 51. Kb5 Ra8 52. Kc4 h4 53. d5 Ra7 54. Kb3 Kxd5 55. Rd2+ Ke5 56. Ka2 Kxf5 57. Rd4 Kg5 58. Rg4+ Kh5 59. Rf4 Ra6 60. Rf5+ Kg6 61. Rf4 f5 62. Rxh4 Kg5 63. Rh8 Ra4 64. Rg8+ Kh4 65. Rf8 f4 66. Rh8+ Kg3 67. h4 f3 68. h5 f2 0-1

[Event "Baku (Women) 2nd"]
[Site "Baku"]
[Date "2007.09.06"]
[Round "3"]
[White "Velikhanli, Firuza"]
[Black "Cramling, Pia"]
[Result "0-1"]
[WhiteElo "2283"]
[BlackElo "2533"]
[PlyCount "110"]
[EventDate "2007.09.04"]
[EventType "tourn"]
[EventRounds "9"]
[EventCountry "AZE"]
[EventCategory "7"]
[SourceTitle "CBM 120 Extra"]
[Source "ChessBase"]
[SourceDate "2007.11.01"]
[SourceVersion "1"]
[SourceVersionDate "2007.11.01"]
[SourceQuality "1"]

1. e4 c5 2. Nf3 Nc6 3. Bb5 e6 4. 0-0 Nge7 5. Re1 Nd4 6. Nxd4 cxd4 7. Be2 g6 8. d3 Bg7 9. Bg5 f6 10. Bd2 0-0 11. Qc1 b6 12. c3 Nc6 13. Bh6 Bb7 14. Bxg7 Kxg7 15. Nd2 Rc8 16. Nb3 Qe7 17. Qd2 dxc3 18. bxc3 f5 19. exf5 Rxf5 20. Bg4 Rf7 21. Qe3 Rcf8 22. Re2 Qd6 23. Nd2 Rf4 24. Bf3 Ba6 25. Bxc6 Qxc6 26. c4 Kg8 27. Ne4 Bb7 28. f3 Qc7 29. Ng3 Qd6 30. a4 Rc8 31. Ne4 Bxe4 32. fxe4 Rcf8 33. e5 Qb4 34. h3 R4f5 35. Qd4 R8f7 36. Rb2 Qf8 37. a5 bxa5 38. Rxa5 Rf1+ 39. Kh2 Qh6 40. Raa2 Qc1 41. Rf2 Rh1+ 42. Kg3 Qg5+ 43. Qg4 Qe3+ 44. Rf3 Qxe5+ 45. Kh4 Rf1 46. Rxf7 Rxf7 47. d4 Qe1+ 48. g3 Qe3 49. Qg5 Qxd4+ 50. g4 Qe4 51. Qd8+ Kg7 52. Qa5 h6 53. Qc3+ e5 54. Ra6 Rf3 55. Rxg6+ Kxg6 0-1

[Event "EU-ch (Women) 8th"]
[Site "Dresden"]
[Date "2007.04.11"]
[Round "8"]
[White "Van Weersel, Arlette"]
[Black "Velikhanli, Firuza"]
[Result "0-1"]
[WhiteElo "2156"]
[BlackElo "2304"]
[PlyCount "124"]
[EventDate "2007.04.03"]
[EventType "swiss"]
[EventRounds "11"]
[EventCountry "GER"]
[SourceTitle "CBM 117 Extra"]
[Source "ChessBase"]
[SourceDate "2007.05.09"]
[SourceVersion "1"]
[SourceVersionDate "2007.05.09"]
[SourceQuality "1"]

1. e4 d6 2. d4 Nf6 3. Nc3 c6 4. Nf3 Bg4 5. Be2 e6 6. Be3 Be7 7. a4 Bxf3 8. Bxf3 d5 9. 0-0 0-0 10. g3 Bb4 11. exd5 cxd5 12. Ne2 Nc6 13. Nf4 Rc8 14. Bg2 Na5 15. Nd3 Be7 16. Qe2 Nc4 17. Bf4 Qb6 18. c3 Rfe8 19. Rfb1 a5 20. Ne1 Nd6 21. Nd3 Qa6 22. Qd1 Nd7 23. Bf1 Qa7 24. Ne5 Nxe5 25. Bxe5 Nc4 26. Bf4 Qb6 27. b3 Nd6 28. c4 Ne4 29. Qd3 Bb4 30. c5 Qd8 31. f3 Nf6 32. Bd2 Bxd2 33. Qxd2 e5 34. b4 e4 35. fxe4 Nxe4 36. Qf4 Rc6 37. b5 Rf6 38. Qc1 Rf2 39. c6 Qf6 40. Qe3 bxc6 41. Bg2 Rc2 42. Rf1 Qd8 43. bxc6 Rxc6 44. Qf4 Rf6 45. Qg4 Qb6 46. Rad1 Rxf1+ 47. Bxf1 Qb3 48. Rd3 Qxa4 49. Qf5 Qc6 50. Rf3 Nd6 51. Qh5 g6 52. Qg5 Ne4 53. Qf4 Re7 54. Rb3 Kg7 55. g4 a4 56. Rh3 g5 57. Qf5 h6 58. Rd3 Qd6 59. h4 a3 60. hxg5 Nxg5 61. Rd2 Qg3+ 62. Kh1 Nf3 0-1

[Event "EU-ch (Women) 8th"]
[Site "Dresden"]
[Date "2007.04.03"]
[Round "1"]
[White "Velikhanli, Firuza"]
[Black "Sokalska, Viktorija"]
[Result "1/2-1/2"]
[WhiteElo "2304"]
[BlackElo "2045"]
[PlyCount "140"]
[EventDate "2007.04.03"]
[EventType "swiss"]
[EventRounds "11"]
[EventCountry "GER"]
[SourceTitle "CBM 117 Extra"]
[Source "ChessBase"]
[SourceDate "2007.05.09"]
[SourceVersion "1"]
[SourceVersionDate "2007.05.09"]
[SourceQuality "1"]

1. e4 c6 2. d3 d5 3. Nd2 dxe4 4. dxe4 Nf6 5. Ngf3 Bg4 6. Be2 e6 7. 0-0 Nbd7 8. e5 Nd5 9. Re1 Qc7 10. Nc4 b5 11. Nd6+ Bxd6 12. exd6 Qxd6 13. a4 b4 14. c4 bxc3 15. bxc3 Qc7 16. Qd4 N5f6 17. h3 Bh5 18. a5 c5 19. Qa4 0-0 20. Bf4 Qc8 21. c4 Re8 22. Ne5 Bxe2 23. Rxe2 Nxe5 24. Bxe5 Qb7 25. a6 Qe7 26. Rb1 Nh5 27. Rb7 Qg5 28. Qd7 f6 29. Qf7+ Kh8 30. g4 fxe5 31. Qxh5 Qc1+ 32. Kg2 Qxc4 33. Rxe5 Qxa6 34. Qf7 Qc6+ 35. f3 Rg8 36. Rxe6 Qd5 37. Rd7 Qa2+ 38. Kg3 Raf8 39. Qe7 Qb3 40. Re3 Qb1 41. Re1 Qb8+ 42. Qe5 a5 43. Qxb8 Rxb8 44. Ra7 Rb3 45. Ree7 h6 46. Rf7 Rb5 47. h4 c4 48. Rfc7 Rb3 49. Rxc4 Rf8 50. Rf4 Rxf4 51. Kxf4 Ra3 52. Ke4 a4 53. h5 Kg8 54. f4 Ra1 55. Kf5 Kh7 56. Ra8 a3 57. Ra7 Ra2 58. Ra4 Ra1 59. Ra8 Ra2 60. g5 hxg5 61. fxg5 Rf2+ 62. Kg4 Rg2+ 63. Kf4 Rf2+ 64. Kg3 Ra2 65. Ra7 Ra1 66. h6 a2 67. Kg2 Rb1 68. Rxa2 gxh6 69. Ra7+ Kg6 70. gxh6 Kxh6 1/2-1/2

[Event "Moscow op 03rd"]
[Site "Moscow"]
[Date "2007.02.01"]
[Round "6"]
[White "Chernobay, Artem"]
[Black "Velikhanli, Firuza"]
[Result "1-0"]
[WhiteElo "2408"]
[BlackElo "2304"]
[PlyCount "105"]
[EventDate "2007.01.27"]
[EventType "swiss"]
[EventRounds "9"]
[EventCountry "RUS"]
[SourceTitle "CBM 116 Extra"]
[Source "ChessBase"]
[SourceDate "2007.03.07"]
[SourceVersion "1"]
[SourceVersionDate "2007.03.07"]
[SourceQuality "1"]

1. e4 d6 2. d4 Nf6 3. Nc3 g6 4. Be3 Bg7 5. Qd2 Ng4 6. Bg5 h6 7. Bh4 0-0 8. f3 Nf6 9. 0-0-0 c6 10. g4 Nh7 11. Bf2 b5 12. Kb1 b4 13. Nce2 Qa5 14. Be3 e5 15. Bxh6 Bxh6 16. Qxh6 d5 17. dxe5 dxe4 18. Nf4 Rd8 19. Rc1 Qxe5 20. Bc4 Nf8 21. Nxg6 Qf6 22. Qh4 Qxh4 23. Nxh4 Rd4 24. b3 Be6 25. Bxe6 Nxe6 26. Nf5 Rd2 27. fxe4 Nd4 28. Nxd4 Rxd4 29. Re1 Nd7 30. Nf3 Rd6 31. e5 Re6 32. Nd4 Rxe5 33. Nxc6 Rg5 34. Re7 Rc8 35. Nxb4 a5 36. Rxd7 axb4 37. Rd4 Rb5 38. Rf1 Ra8 39. Rff4 Rba5 40. Rxb4 Rxa2 41. Ra4 R2xa4 42. Rxa4 Re8 43. Kb2 Kg7 44. Rf4 Rh8 45. b4 Rxh2 46. b5 Kf8 47. Kb3 Ke7 48. c4 Ke6 49. Kb4 f6 50. b6 Ke5 51. Rf5+ Ke6 52. Kc5 Rh4 53. b7 1-0

[Event "Moscow op 03rd"]
[Site "Moscow"]
[Date "2007.01.29"]
[Round "3"]
[White "Velikhanli, Firuza"]
[Black "Naumkin, Igor"]
[Result "1/2-1/2"]
[WhiteElo "2304"]
[BlackElo "2503"]
[PlyCount "100"]
[EventDate "2007.01.27"]
[EventType "swiss"]
[EventRounds "9"]
[EventCountry "RUS"]
[SourceTitle "CBM 116 Extra"]
[Source "ChessBase"]
[SourceDate "2007.03.07"]
[SourceVersion "1"]
[SourceVersionDate "2007.03.07"]
[SourceQuality "1"]

1. e4 e5 2. Nf3 Nc6 3. Bc4 Nf6 4. d3 Bc5 5. 0-0 d6 6. c3 0-0 7. b4 Bb6 8. a4 a6 9. a5 Ba7 10. Be3 Ne7 11. Bxa7 Rxa7 12. Nbd2 Ng6 13. d4 Qe7 14. dxe5 dxe5 15. Re1 Nf4 16. Qb3 Bg4 17. g3 Nh3+ 18. Kg2 Raa8 19. Ng1 Nxg1 20. Kxg1 Rad8 21. Ra2 Rd6 22. Nf1 Qd7 23. Ne3 Nxe4 24. Nxg4 Qxg4 25. h3 Qg6 26. Qc2 Ng5 27. Qxg6 Nf3+ 28. Kh1 hxg6 29. Re3 e4 30. Rxe4 Nd2 31. Rg4 Rfd8 32. Rf4 R8d7 33. h4 Kf8 34. Rc2 f5 35. Kg2 Ke7 36. Be2 Kf6 37. Bf3 c6 38. Rc1 Rd3 39. Be2 R3d5 40. Bf3 Re5 41. Rd1 Ree7 42. Rd4 Rxd4 43. cxd4 Nxf3 44. Kxf3 Rd7 45. Kf4 Re7 46. Kf3 Rd7 47. Rd2 Rd5 48. Rd3 Rb5 49. Rb3 Rd5 50. Rd3 Rb5 1/2-1/2

[Event "Moscow op 03rd"]
[Site "Moscow"]
[Date "2007.01.27"]
[Round "1"]
[White "Velikhanli, Firuza"]
[Black "Chuprov, Dmitry"]
[Result "0-1"]
[WhiteElo "2304"]
[BlackElo "2534"]
[PlyCount "136"]
[EventDate "2007.01.27"]
[EventType "swiss"]
[EventRounds "9"]
[EventCountry "RUS"]
[SourceTitle "CBM 116 Extra"]
[Source "ChessBase"]
[SourceDate "2007.03.07"]
[SourceVersion "1"]
[SourceVersionDate "2007.03.07"]
[SourceQuality "1"]

1. e4 d6 2. d4 Nf6 3. Nc3 c6 4. f4 Qa5 5. Bd3 e5 6. Nf3 exd4 7. Nxd4 g6 8. 0-0 Bg7 9. Nb3 Qc7 10. h3 0-0 11. Be3 Nbd7 12. a4 b6 13. Qf3 Bb7 14. Rae1 Rae8 15. Bf2 a6 16. Bg3 c5 17. Nd2 Nh5 18. Bh2 f5 19. Nd5 Bxd5 20. exd5 Qb7 21. Nc4 Rxe1 22. Rxe1 b5 23. axb5 axb5 24. Nxd6 Qb6 25. Nxf5 c4+ 26. Kh1 cxd3 27. Nxg7 d2 28. Rd1 Nxg7 29. Rxd2 Re8 30. Re2 Rxe2 31. Qxe2 Qc5 32. Qd3 Nf5 33. b3 Nf6 34. c4 Qf2 35. Bg1 Qxf4 36. g4 Nd6 37. cxb5 Qe4+ 38. Qxe4 Nfxe4 39. b6 Kf7 40. Kg2 Nf6 41. Bh2 Nb7 42. Kf3 Nxd5 43. Bg1 Ke6 44. Bd4 Nd8 45. h4 Nc6 46. Bc5 Ne5+ 47. Ke4 Nd7 48. b4 N7xb6 49. h5 Nd7 50. Bd4 Nxb4 51. hxg6 hxg6 52. Kf4 Kf7 53. Kg5 Nc6 54. Bb2 Nd8 55. Ba1 Ne6+ 56. Kh4 Ke7 57. Kg3 Kd6 58. Bb2 Kd5 59. Bc1 Ke4 60. Bh6 Ne5 61. Bc1 Nd4 62. Bh6 Ne2+ 63. Kh4 Nf3+ 64. Kh3 Nfd4 65. Kh4 Ne6 66. Bd2 Kf3 67. Bh6 Ng1 68. Bc1 Kg2 0-1

[Event "Izmir op 5th"]
[Site "Izmir"]
[Date "2006.08.13"]
[Round "4"]
[White "Sipahioglu, Irmak"]
[Black "Velikhanli, Firuza"]
[Result "0-1"]
[WhiteElo "1959"]
[BlackElo "2323"]
[PlyCount "70"]
[EventDate "2006.09.10"]
[EventType "swiss"]
[EventRounds "10"]
[EventCountry "TUR"]
[SourceTitle "EXT 2007"]
[Source "ChessBase"]
[SourceDate "2006.11.23"]
[SourceVersion "1"]
[SourceVersionDate "2006.11.23"]
[SourceQuality "1"]

1. d4 d6 2. c4 g6 3. Nc3 Bg7 4. e4 Nf6 5. f3 0-0 6. Be3 Nbd7 7. Bd3 e5 8. d5 Nh5 9. Nge2 Nc5 10. Bc2 f5 11. Qd2 fxe4 12. Nxe4 Nxe4 13. Bxe4 Nf4 14. Nxf4 exf4 15. Bd4 Qh4+ 16. Kd1 Bxd4 17. Qxd4 Qg5 18. Qf2 Bf5 19. Re1 Bxe4 20. Rxe4 Rae8 21. Re2 Re3 22. Rc1 Rfe8 23. Rcc2 b5 24. Rxe3 fxe3 25. Qe2 bxc4 26. Qxc4 Re7 27. Ke1 Qh5 28. h4 Qe5 29. Kf1 Qh2 30. Ke1 Qh1+ 31. Qf1 Qxh4+ 32. Ke2 Qa4 33. Qc1 Qb5+ 34. Ke1 Qxd5 35. Rc3 Qg5 0-1

[Event "Izmir op 5th"]
[Site "Izmir"]
[Date "2006.08.12"]
[Round "3"]
[White "Velikhanli, Firuza"]
[Black "Karpatchev, Aleksandr"]
[Result "0-1"]
[WhiteElo "2323"]
[BlackElo "2533"]
[PlyCount "71"]
[EventDate "2006.09.10"]
[EventType "swiss"]
[EventRounds "10"]
[EventCountry "TUR"]
[SourceTitle "EXT 2007"]
[Source "ChessBase"]
[SourceDate "2006.11.23"]
[SourceVersion "1"]
[SourceVersionDate "2006.11.23"]
[SourceQuality "1"]

1. e4 e5 2. Nf3 Nc6 3. Bc4 Nf6 4. d3 h6 5. 0-0 d6 6. c3 Qe7 7. Nbd2 g5 8. d4 g4 9. dxe5 dxe5 10. Nh4 Nxe4 11. Ng6 fxg6 12. Nxe4 Be6 13. Bb5 Bg7 14. Bxc6+ bxc6 15. Be3 Qd8 16. Qa4 0-0 17. Rad1 Qe8 18. c4 Bf5 19. Nc5 g5 20. Rd2 Qg6 21. Rfd1 h5 22. Qa5 Rf7 23. Rd8+ Rxd8 24. Rxd8+ Kh7 25. Qd2 Bf6 26. Ra8 h4 27. Rxa7 h3 28. g3 Be7 29. Rxc7 Bxc5 30. Rxf7+ Qxf7 31. Bxc5 Bg6 32. Qxg5 Qf3 33. Qh4+ Kg7 34. Qe7+ Bf7 35. Qg5+ Kh7 36. Qh4+ 0-1

[Event "Bykova Memorial-A (Women)"]
[Site "Vladimir"]
[Date "2005.12.10"]
[Round "4"]
[White "Zimina, Olga"]
[Black "Velikhanli, Firuza"]
[Result "1/2-1/2"]
[WhiteElo "2397"]
[BlackElo "2319"]
[PlyCount "60"]
[EventDate "2005.12.07"]
[EventType "tourn"]
[EventRounds "11"]
[EventCountry "RUS"]
[EventCategory "5"]
[SourceTitle "CBM 109 Extra"]
[Source "ChessBase"]
[SourceDate "2006.01.03"]
[SourceVersion "2"]
[SourceVersionDate "2006.01.03"]
[SourceQuality "1"]

1. e4 d6 2. d4 Nf6 3. Nc3 g6 4. Be3 Bg7 5. Qd2 0-0 6. f3 e5 7. Nge2 exd4 8. Bxd4 Nc6 9. Be3 Be6 10. Nf4 Qe7 11. 0-0-0 Ne5 12. Nfd5 Bxd5 13. exd5 Rfe8 14. Bg5 Qf8 15. h3 a6 16. f4 Ned7 17. g4 Nc5 18. Bg2 Nfe4 19. Nxe4 Nxe4 20. Bxe4 Rxe4 21. f5 Rd4 22. Qf2 Rxd1+ 23. Rxd1 Bh6 24. h4 Bxg5+ 25. hxg5 Qe7 26. Qh4 Re8 27. Rh1 h6 28. Qxh6 Qe3+ 29. Kd1 Qe2+ 30. Kc1 Qe3+ 1/2-1/2

[Event "Bykova Memorial-A (Women)"]
[Site "Vladimir"]
[Date "2005.12.07"]
[Round "1"]
[White "Pogonina, Natalija"]
[Black "Velikhanli, Firuza"]
[Result "1-0"]
[WhiteElo "2401"]
[BlackElo "2319"]
[PlyCount "85"]
[EventDate "2005.12.07"]
[EventType "tourn"]
[EventRounds "11"]
[EventCountry "RUS"]
[EventCategory "5"]
[SourceTitle "CBM 109 Extra"]
[Source "ChessBase"]
[SourceDate "2006.01.03"]
[SourceVersion "2"]
[SourceVersionDate "2006.01.03"]
[SourceQuality "1"]

1. e4 c5 2. Nf3 Nc6 3. d4 cxd4 4. Nxd4 e5 5. Nb5 d6 6. a4 Be6 7. N1c3 a6 8. Na3 Nf6 9. Bg5 Rc8 10. Bc4 Be7 11. Bxf6 Bxf6 12. Nd5 Bg5 13. 0-0 0-0 14. c3 Ne7 15. Qb3 Bxd5 16. Bxd5 Nxd5 17. Qxd5 Qc7 18. Rad1 Rfd8 19. Rd3 Qc6 20. Qxc6 Rxc6 21. Rfd1 Kf8 22. g3 Ke7 23. f3 g6 24. Nc2 a5 25. Na3 f5 26. b3 fxe4 27. fxe4 Ke6 28. Nb5 Rd7 29. Kg2 Bd8 30. Rf1 Bb6 31. Rdf3 Bd8 32. c4 Rg7 33. Rf8 Bg5 34. Rb8 Rb6 35. Rff8 Kd7 36. Rfc8 Ke6 37. Nc7+ Rxc7 38. Rxc7 Rxb3 39. h4 Rb2+ 40. Kh3 Be3 41. Re8+ Kf6 42. Rf8+ Ke6 43. Rff7 1-0

[Event "EU-ch (Women) 6th"]
[Site "Kishinev"]
[Date "2005.06.18"]
[Round "8"]
[White "Velikhanli, Firuza"]
[Black "Jackova, Jana"]
[Result "1/2-1/2"]
[WhiteElo "2303"]
[BlackElo "2406"]
[PlyCount "34"]
[EventDate "2005.06.11"]
[EventType "swiss"]
[EventRounds "12"]
[EventCountry "MDA"]
[SourceTitle "CBM 106 Extra"]
[Source "ChessBase"]
[SourceDate "2005.07.01"]
[SourceVersion "1"]
[SourceVersionDate "2005.07.01"]
[SourceQuality "1"]

1. e4 e5 2. Nf3 Nc6 3. Bb5 a6 4. Ba4 Nf6 5. Bxc6 dxc6 6. d3 Bc5 7. Nbd2 Qe7 8. Nc4 Ng4 9. 0-0 b5 10. Ne3 0-0 11. h3 Nxe3 12. Bxe3 Bxe3 13. fxe3 c5 14. Qe2 Rb8 15. b3 Rb6 16. Rf2 Bb7 17. Nd2 Rf6 1/2-1/2

[Event "EU-ch (Women) 6th"]
[Site "Kishinev"]
[Date "2005.06.12"]
[Round "2"]
[White "Velikhanli, Firuza"]
[Black "Peptan, Corina Isabela"]
[Result "1-0"]
[WhiteElo "2303"]
[BlackElo "2435"]
[PlyCount "111"]
[EventDate "2005.06.11"]
[EventType "swiss"]
[EventRounds "12"]
[EventCountry "MDA"]
[SourceTitle "CBM 106 Extra"]
[Source "ChessBase"]
[SourceDate "2005.07.01"]
[SourceVersion "1"]
[SourceVersionDate "2005.07.01"]
[SourceQuality "1"]

1. e4 c5 2. Nf3 e6 3. d4 cxd4 4. Nxd4 a6 5. Nc3 b5 6. a4 b4 7. Na2 Bb7 8. Bd3 Nf6 9. Qe2 Qb6 10. Nb3 a5 11. 0-0 Be7 12. Be3 Qc7 13. Bg5 Nc6 14. Rfe1 Ne5 15. Nd4 Nxd3 16. cxd3 0-0 17. Nc1 Nd5 18. Bxe7 Nxe7 19. Ncb3 d6 20. Rec1 Qb8 21. Qe3 e5 22. Nf3 Ng6 23. d4 Qa7 24. Rc7 Qb6 25. Rac1 Nf4 26. R7c2 Ba6 27. Kh1 Ng6 28. Rc6 Qd8 29. dxe5 dxe5 30. R6c5 Rc8 31. Rd5 Rxc1+ 32. Qxc1 Qf6 33. Rxa5 Rd8 34. h3 Be2 35. Qe3 Bc4 36. Nbd2 Be6 37. Kh2 h6 38. Rb5 b3 39. a5 Nf4 40. Nxe5 Qg5 41. g3 Nxh3 42. Qxg5 hxg5 43. Nxb3 Nxf2 44. Nc5 Bh3 45. Kg1 Rd2 46. Nf3 Rc2 47. Nxg5 g6 48. a6 Bc8 49. a7 Ng4 50. a8Q Rc1+ 51. Kg2 Rc2+ 52. Kf1 Ne3+ 53. Kg1 Rc1+ 54. Kf2 Ng4+ 55. Ke2 Rc2+ 56. Kd3 1-0

[Event "Bykova Memorial (Women)"]
[Site "Vladimir"]
[Date "2004.12.17"]
[Round "10"]
[White "Bashkite, Viktoria"]
[Black "Velikhanli, Firuza"]
[Result "1-0"]
[WhiteElo "2206"]
[BlackElo "2322"]
[PlyCount "153"]
[EventDate "2004.12.07"]
[EventType "tourn"]
[EventRounds "11"]
[EventCountry "RUS"]
[EventCategory "3"]
[SourceTitle "CBM 103 Extra"]
[Source "ChessBase"]
[SourceDate "2005.01.01"]
[SourceVersion "1"]
[SourceVersionDate "2005.01.01"]
[SourceQuality "1"]

1. c4 Nf6 2. Nc3 g6 3. g3 Bg7 4. Bg2 0-0 5. Nf3 d6 6. 0-0 Nc6 7. d3 a6 8. Rb1 Nh5 9. Bd2 f5 10. Nd5 e6 11. Bg5 Qd7 12. Nf4 Nf6 13. d4 Nd8 14. Nd2 c6 15. Qb3 e5 16. dxe5 dxe5 17. Nd3 Qc7 18. e4 Ne6 19. c5 Kh8 20. Bxf6 Bxf6 21. exf5 gxf5 22. Nc4 Nd4 23. Qd1 Be6 24. Rc1 Rad8 25. Nd6 Bxa2 26. Re1 e4 27. Nf4 Rxd6 28. cxd6 Qxd6 29. Qa4 Bb3 30. Qa5 Nb5 31. Bf1 Bd8 32. Qa1 Nd4 33. Re3 Bg5 34. Qa5 Bxf4 35. gxf4 Rg8+ 36. Rg3 Qxf4 37. Rcc3 Rxg3+ 38. Rxg3 Qd6 39. Qb6 f4 40. Rxb3 Nxb3 41. Qxb3 b5 42. Bg2 f3 43. Bf1 c5 44. Qe3 Qe5 45. Qa3 Qg7+ 46. Kh1 c4 47. Qd6 h6 48. Bh3 Kg8 49. Be6+ Kh7 50. Bf5+ Kh8 51. Qd8+ Qg8 52. Qf6+ Qg7 53. Qd8+ Qg8 54. Qxg8+ Kxg8 55. Bc8 a5 56. Ba6 Kg7 57. Bxb5 Kf6 58. Bxc4 Ke5 59. h4 Kf4 60. Bd5 e3 61. fxe3+ Kxe3 62. Kg1 Ke2 63. Bc4+ Ke3 64. b3 h5 65. Bf7 f2+ 66. Kf1 Kf3 67. Bxh5+ Kg3 68. Bf7 Kxh4 69. Kxf2 Kg5 70. Ke3 Kf6 71. Bg8 Ke5 72. Kd3 Kd6 73. Kc4 Kc6 74. Bd5+ Kb6 75. Bf3 Ka6 76. Kc5 a4 77. bxa4 1-0

[Event "Bykova Memorial (Women)"]
[Site "Vladimir"]
[Date "2004.12.15"]
[Round "8"]
[White "Sharevich, Anna"]
[Black "Velikhanli, Firuza"]
[Result "0-1"]
[WhiteElo "2266"]
[BlackElo "2322"]
[PlyCount "114"]
[EventDate "2004.12.07"]
[EventType "tourn"]
[EventRounds "11"]
[EventCountry "RUS"]
[EventCategory "3"]
[SourceTitle "CBM 103 Extra"]
[Source "ChessBase"]
[SourceDate "2005.01.01"]
[SourceVersion "1"]
[SourceVersionDate "2005.01.01"]
[SourceQuality "1"]

1. d4 d6 2. c4 e5 3. d5 f5 4. Nc3 Nf6 5. g3 a5 6. Bg2 Nbd7 7. Nh3 Nc5 8. 0-0 Be7 9. f3 0-0 10. Nf2 Kh8 11. b3 Nfd7 12. e4 Nf6 13. Rb1 fxe4 14. fxe4 Bd7 15. Be3 b6 16. h3 Be8 17. g4 Nfd7 18. a3 Bg5 19. Qd2 Bxe3 20. Qxe3 Nf6 21. Ne2 a4 22. b4 Nb3 23. Ng3 Bd7 24. g5 Ng8 25. Ne2 Ne7 26. Nd3 Ng6 27. Rxf8+ Qxf8 28. Rf1 Qe7 29. Ng3 Nh4 30. Qf2 Rg8 31. Qe3 Nd4 32. Rf2 Rf8 33. b5 Kg8 34. Rxf8+ Qxf8 35. Ne1 Qf7 36. Nh1 Qh5 37. Nf2 Ne2+ 38. Kh2 Nf4 39. Qg3 Nfxg2 40. Nxg2 Nf3+ 41. Kh1 Nxg5 42. h4 Nf3 43. Nh3 Nd2 44. Ng5 Qd1+ 45. Ne1 Qe2 46. Nef3 Nxe4 47. Nxe4 Qxe4 48. Kh2 h6 49. Nd2 Qe2+ 50. Qg2 Qh5 51. Qg3 Bf5 52. Qf2 Qg4 53. Qg3 Qd4 54. Qe1 Qd3 55. Qf2 g6 56. Kg1 Qxa3 57. h5 Qc5 0-1

[Event "Bykova Memorial (Women)"]
[Site "Vladimir"]
[Date "2004.12.14"]
[Round "7"]
[White "Velikhanli, Firuza"]
[Black "Burtasova, Anna"]
[Result "0-1"]
[WhiteElo "2322"]
[BlackElo "2273"]
[PlyCount "116"]
[EventDate "2004.12.07"]
[EventType "tourn"]
[EventRounds "11"]
[EventCountry "RUS"]
[EventCategory "3"]
[SourceTitle "CBM 103 Extra"]
[Source "ChessBase"]
[SourceDate "2005.01.01"]
[SourceVersion "1"]
[SourceVersionDate "2005.01.01"]
[SourceQuality "1"]

1. e4 c5 2. Nf3 e6 3. Nc3 a6 4. d4 cxd4 5. Nxd4 b5 6. Bd3 d6 7. 0-0 Nf6 8. a4 b4 9. Na2 Qb6 10. a5 Qb7 11. Re1 Be7 12. Bd2 e5 13. Nf5 Bxf5 14. exf5 e4 15. Bc4 d5 16. Bb3 Nc6 17. Ba4 0-0 18. Bxc6 Qxc6 19. Bxb4 Bxb4 20. Nxb4 Qd7 21. c3 Qxf5 22. Qe2 Qe6 23. Nc2 Nd7 24. Red1 Ne5 25. Nb4 Rfd8 26. h3 Rd6 27. Kh1 f5 28. Qe3 Nc4 29. Qe2 f4 30. Qg4 Qf7 31. b3 Ne5 32. Qg5 Re8 33. Rxd5 Rxd5 34. Nxd5 Qxd5 35. Qxf4 Nd3 36. Qd2 Rf8 37. Rf1 Qxb3 38. Kg1 Qd5 39. Qe3 h6 40. Rd1 Qb3 41. Rf1 Qc4 42. h4 Re8 43. Qb6 Nf4 44. g3 Nd5 45. Qg6 Nf6 46. Rb1 Qf7 47. Qf5 Qe6 48. Qc5 e3 49. Qxe3 Qxe3 50. fxe3 Re5 51. Kf2 Rxa5 52. c4 Ng4+ 53. Ke2 Ne5 54. Rb8+ Kf7 55. Rb7+ Kf6 56. Rc7 Ra2+ 57. Kf1 a5 58. c5 Rc2 0-1

[Event "Bykova Memorial (Women)"]
[Site "Vladimir"]
[Date "2004.12.12"]
[Round "6"]
[White "Shadrina, Tatiana"]
[Black "Velikhanli, Firuza"]
[Result "1-0"]
[WhiteElo "2401"]
[BlackElo "2322"]
[PlyCount "107"]
[EventDate "2004.12.07"]
[EventType "tourn"]
[EventRounds "11"]
[EventCountry "RUS"]
[EventCategory "3"]
[SourceTitle "CBM 103 Extra"]
[Source "ChessBase"]
[SourceDate "2005.01.01"]
[SourceVersion "1"]
[SourceVersionDate "2005.01.01"]
[SourceQuality "1"]

1. e4 c5 2. Nf3 Nc6 3. d4 cxd4 4. Nxd4 e5 5. Nb5 d6 6. a4 Be7 7. N1c3 a6 8. Na3 Be6 9. Bc4 Nf6 10. Bg5 0-0 11. Bxf6 Bxf6 12. 0-0 Rc8 13. Bd5 Bg5 14. Nc4 Nd4 15. Ne3 Bxe3 16. fxe3 Nc6 17. Qd2 Qb6 18. Rfc1 Na5 19. b3 Nc6 20. Nd1 Bxd5 21. exd5 Ne7 22. a5 Qb5 23. e4 f5 24. c4 Qxb3 25. Rab1 Qa3 26. Rxb7 Ng6 27. Nf2 fxe4 28. Nxe4 Rf4 29. Re1 Rxc4 30. Ng5 Qc5+ 31. Kh1 Rc2 32. Rb8+ Rf8 33. Rxf8+ Nxf8 34. Qd1 Qf2 35. Rg1 Rd2 36. Qb1 Qf4 37. Ne4 Rd4 38. Re1 h6 39. Nxd6 Rxd5 40. Nc8 Rd7 41. Rf1 Qd4 42. h3 Nh7 43. Qb3+ Kh8 44. Ne7 Nf6 45. Ng6+ Kh7 46. Nf8+ Kh8 47. Nxd7 Qxd7 48. Qb8+ Kh7 49. Qxe5 Qd2 50. Qf5+ Kg8 51. Rb1 Qd6 52. Rb6 Qd1+ 53. Kh2 Qe2 54. Qe6+ 1-0